| 000 | 00635pam a2200229 a 4500 | ||
|---|---|---|---|
| 001 | 462929 | ||
| 005 | 20180301035456.0 | ||
| 008 | 830930s1984 nyu b 001 0 eng | ||
| 010 | _a 83045928 | ||
| 020 | _a080141623X (alk. paper) | ||
| 040 |
_aDLC _cDLC _dDLC |
||
| 041 | _aeng | ||
| 043 | _an-us--- | ||
| 080 | _a347.73262 | ||
| 082 | 0 | 0 |
_a347.73262 AGR _a347.307352 _219 |
| 100 | 1 | _a15 | |
| 101 | _aSHJ | ||
| 245 | 1 | 4 |
_aThe Supreme Court and constitutional democracy / _cJohn Agresto. |
| 504 | _aIncludes bibliographical references and index. | ||
| 906 |
_a7 _bcbc _corignew _d1 _eocip _f19 _gy-gencatlg |
||
| 942 |
_2ddc _cBK |
||
| 999 |
_c43768 _d43768 |
||